Score 0/62 Timer 20:00
0 Plays Today
Where are you if… Country % Correct
…if you can see the 'Town of Victoria Park', a Local Government Area bounded on the West by the City of South Perth?Australia
65.9%
…if you spend some time in 'Victoria County' to visit the Cape Breton Highlands National Park, the Cabot Trail and the village of Baddeck in Nova ScotiaCanada
54.5%
…if you can visit the Impala Sanctuary in Kisumu, one of the largest cities in the country and one of the most important ports on 'Lake Victoria'Kenya
54.5%
…if you stop in 'Victoria', during your discovery of TransylvaniaRomania
54.5%
…if you can catch a train to Liverpool at 'Manchester Victoria Station'United Kingdom
54.5%
...if you can visit the historic fortified Citadel, in the heart of 'Victoria', on Gozo Island in the Mediterranean SeaMalta
52.3%
…if you can drive on the 'Victoria Bridge' over the Brisbane River?Australia
50%
…if you can get a train at 'Victoria Terminus' (or Chhatrapati Shivaji Terminus), a city famous architectural landmark in Gothic styleIndia
50%
…if you can have your business meetings in an exclusive offshore modern complex in the Financial Park at Jalan Merdeka (in Bandar Labuan, formerly known as 'Victoria')Malaysia
50%
…if you can stay at 'Victoria College' and study at the 'University of Houston-Victoria' in 'Victoria', along the Guadalupe RiverUnited States
50%
…if you can visit the 'Great Victoria Desert', a World Biosphere Reserves where you can see Dingoes and Water-holding FrogsAustralia
47.7%
…if you can arrive by tube at 'Victoria Station' and there get a train to Brighton or to ParisUnited Kingdom
47.7%
…if you can see the Twelve Apostles and the Skydeck 88 of the Eureka Tower, during your holiday in 'Victoria State'Australia
45.5%
…if you can see the 'Victoria Memorial', completed in 1911 by Sir Thomas Brock, during your visit to Buckingham PalaceUnited Kingdom
45.5%
…if you can take a walk at the Beacon Hill Park in 'Victoria', the 'City of Gardens'Canada
43.2%
…if you can admire in the 'Victoria Memorial Hall' a large collection of memorabilia relating to the British colonialism ended in 1947India
43.2%
…if, visiting the Greek Orthodox Cathedral or the Government House on 'Mount Victoria', your local guide tell you about the scenes of The Lord of the Rings shot nearby.New Zealand
43.2%
…if you can visit the Kasubi Tombs and then take a ferryboat for a journey on the close 'Lake Victoria'Uganda
43.2%
…if you can use the 'Royal Victoria Dock Bridge' to go from the Britannia Village to the ExCeL?United Kingdom
43.2%
…if you can take pictures of the Boaruka Island and the Devil's Cataract during your visit to the 'Victoria Falls'Zimbabwe
43.2%
…if you start from 'Victoria' your adventure in the Araucanía de los Andes, stopping in Curacautin and then reaching Lonquimay by the tunnel Las RaícesChile
40.9%
…if on a cruise in the South China Sea, you can disembark in 'Victoria Harbour' and have a walk in the Avenue of Stars along the promenade in Tsim Sha Tsui.Hong Kong
40.9%
…if you can pass Angeles, reach San Francisco in 'Victoria' and then continue your journey in the central part of Luzon driving to San JosePhilippines
40.9%
…if you can take a boat trip out to Ukerewe Island or to Rubondo Island National Park in the 'Lake Victoria' using the passenger transport services of MwanzaTanzania
40.9%
…if you can do birdwatching at the 'Lake Victoria', which is separated from Bass Strait by a narrow strip of coastal dunesAustralia
38.6%
…if you can watch the team of the Alianza Lima practice in the Estadio Alejandro Villanueva in 'La Victoria District'Peru
38.6%
…if you could join an Arctic expedition to Cape Knipovich on Victoria IslandRussia
38.6%
…if you can see at 140 Wellington St., just across from the Parliament Hill, the 'Victoria Building' designed by John Albert Ewart, and then take a walk along the Rideau Canal?Canada
36.4%
…if you can see the Albert Memorial Clock, visit the Ulster Museum and then go shopping in 'Victoria Square'United Kingdom
36.4%
…if you can cross the St. Lawrence River on the historical 'Victoria Jubilee Bridge'?Canada
34.1%
…if you can visit Cambridge Bay, the largest settlement on 'Victoria Island'Canada
34.1%
Where are you if… Country % Correct
…if you can walk on Livingstone Island and swim in the Devil's Pool, in the middle of 'Victoria Falls'Zambia
34.1%
…if you could afford an extreme experience at the coldest temperatures on Earth, lodging at Lake Vanda Hut and making an expedition to Don Juan Pond in 'Victoria Land'Antarctica (Australia, New Zealand)
31.8%
…if you can attend classes at the Universidad de San Andrés and watch a football match of the Club Atlético Tigre at the Estadio Monumental de 'Victoria'Argentina
31.8%
…if you wake up in Jasper, in the Athabasca River valley, and you can admire the rising of the dawn on the 'Victoria Cross Ranges'Canada
31.8%
…if you can view the annual 'Victoria Symphony Splash concert' from a boat docked at the 'Victoria Harbour' of the 'City of Victoria'Canada
31.8%
…if visiting the capital city on a clear day, you can catch a glimpse of the over-4000-metres-high 'Mount Victoria' (about 75 km away) and go to the PNG National Museum at WaiganPapua New Guinea
31.8%
…if you can attend classes at the Autonomous University of Tamaulipas or at the Universidad Politecnica de 'Victoria'Mexico
29.5%
…if you can admire a panoramic view of the Waitemata Harbour and the inner Hauraki Gulf from 'Mount Victoria'New Zealand
29.5%
…if, due to the difficulty of ascent, you need a special permission to ascend 'Mount Victoria' in the island of PalawanPhilippines
29.5%
…if after visiting the Monumento Histórico Nacional a la Bandera, you can drive on the Rosario-Victoria Bridge to 'Victoria'Argentina
25%
…if you can see the statue of Queen Victoria, when you walk into 'Victoria Park', in Causeway Bay, for the Lunar New Year FairHong Kong
25%
…if you can go to the summit of 'Victoria Peak' to enjoy the panoramic view over the city and the surrounding islands, as 7 million visitors do every yearHong Kong
25%
…if you can walk under the Voissoir Arches of the Palacio de Gobierno and take your kids to play at Guadiana Park in 'Victoria de Durango'Mexico
25%
…if you can get a train at Square-Victoria Metro Station on the Orange Line and go to the Moshe Safdie's striking Habitat 67 apartment complexCanada
22.7%
…if you can bike to the summit of Mont Arthabaska in 'Victoriaville' (Capitale des Bois-Francs)Canada
22.7%
…if around in 'La Victoria District', you can stop in Puerto Casado to visit its sites dated back to the historical epoch of the Chaco War.Paraguay
20.5%
…if you can visit the Hydro Electric Museum in 'Victoria', often referred to as the crossroads to Trinity and Conception BaysCanada
18.2%
…if you can drive on 'Victoria Street', have some relax under centennial plane trees at 'Victoria Park' and go shopping at 'New World Victoria Park' close to Westhaven MarinaNew Zealand
18.2%
…if you can see in 'Victoria Square' the fountain designed by artist John Dowie to represent three rivers (the Torrens, the Onkaparinga and the Murray)New Zealand
18.2%
…if you can rent an office in 'Victoria Island' to open an African branchNigeria
18.2%
...if you can see a copy of the London Little Ben Clock Tower, walking in the centre of 'Victoria', on the north-eastern side of Mahé islandSeychelles
18.2%
…if you can drive on the 'Victoria Bridge' over the Nepean River?Australia
13.6%
…if you go to visit a friend living in one of the 32 barangays of 'Victoria', in the province of Oriental MindoroPhilippines
13.6%
…if you work in 'Victorias City' for the 'Victorias Milling Company', the country largest sugar refinery located in the province of Negros OccidentalPhilippines
13.6%
…if you can relax at 'Victoria Park' when you go to Hamilton for the Argo Group Gold CupBermuda
11.4%
…if you can meet the Prime Minister at 'Palatul Victoria'Romania
11.4%
…if after visiting the Neo-Gothic Cathedral in Manizales, you can go on a Birdwatching Tour in the Bella Vista Reserve near 'Victoria'Colombia
9.1%
…if drinving along the Carretera Central, you stop to fuel in 'Victoria de las Tunas'Cuba
9.1%
…if you spend few days at the Cockscomb Basin Wildlife Sanctuary, hiking and climbing 'Victoria Peak'Belize
6.8%
…if you can enjoy your holidays on the black sand beaches of 'Victoria', today known as LimbeCameroon
6.8%
…if at the beginning of XX century you were in 'Victoria City', a British colony since 1841 initially named 'Queenstown'Hong Kong
6.8%
Remove Ads.
Support Sporcle.
Get the best of Sporcle when you Go Orange. This ad-free experience offers more features, more stats, and more fun while also helping to support Sporcle. Thank you for becoming a member.

You're not logged in!

Compare scores with friends on all Sporcle quizzes.
OR
Log In

Show Comments

Extras

Top Quizzes Today


Score Distribution

Your Account Isn't Verified!

In order to create a playlist on Sporcle, you need to verify the email address you used during registration. Go to your Sporcle Settings to finish the process.

Report this User

Report this user for behavior that violates our Community Guidelines.

Details: